000 nam a22 7a 4500
999 _c27540
_d27540
008 170209b xxu||||| |||| 00| 0 eng d
020 _a9781111826697
050 _aHB 172.5 .M34 2012
100 _aMcEachern, William A.
245 _aEcon:
_bMacro 3/
_cWilliam A. McEachern
250 _a2012- 2013 ed.
260 _aU.S.A:
_bSouth-Western,
_c2012.
300 _axii,336p.:
_bill.;
_c27cm.
521 _aIncludes index.
650 _aMacro economics.
942 _2lcc
_cBOOKS
_hHB 172.5 .M34 2012